LEADER 01143nam a2200253 i 4500 001 000000171486 003 CaOOAMICUS 005 20220711145915.0 008 080430s1942 it u000 u ita u 013 $a148917 040 $aSeMil$bita 100 1 $aAndersen, Hans Christian,$d<1805-1875>.$0(OLS)http://semarc/name/60130 245 10$aRacconti e fiabe /$cG. Cristiano Andersen ; a cura di Ervino Pocar. 264 1$aTorino :$bUnione Tipografico-Editrice Torinese,$c1942. 300 $a218 p., [1] p. di ritratto ;$c19 cm. 500 $aIn mezzo al front : Ristampa stereotipa della 1° edizione 1931-IX. 650 4$aFiabe danesi.$0(OLS)http://semarc/subject/29983 650 4$aAndersen, Hans Christian <1805-1875> - Opere.$0(OLS)http://semarc/subject/30039 700 1 $aPocar, Ervino,$d<1892-1981>.$0(OLS)http://semarc/name/5929 850 $aSeMil 852 $aSeMil$W1$xVenegono$y1$m1W II 18$j122355$B122355$CSeMilBibl$Z2$F133652 $81 996 $6245$aRacconti e fiabe$9(OLS)http://semarc/title/245338 996 $6264$aTorino :$bUnione Tipografico-Editrice Torinese$9(OLS)http://semarc/publisher/29628 LEADER 00977nam a2200229 i 4500 001 000000072117 003 CaOOAMICUS 005 20090213000000.0 008 090213s1978 it u000 u ita u 013 $a43289 040 $aSeMil$bita 100 1 $aJaspers, Karl,$d<1883-1969>.$0(OLS)http://semarc/name/9270 245 10$aChiarificazione dell'esistenza /$cKarl Jaspers. 260 $aMilano :$bMursia,$c1978. 300 $a383 p. ;$c23 cm. 490 0 $aBiblioteca di filosofia. Testi ;$v11 773 0 $aJaspers, Karl <1883-1969>$tFilosofia.$dMilano : Mursia, 1977-1978.$kBiblioteca di filosofia. Testi $g2$w()20711 830 0$aBiblioteca di filosofia. Testi ;$v11.$0(OLS)http://semarc/title/7156 850 $aSeMil 852 $aSeMil$W1$xVenegono$y1$m2P V 350$j38270$B38270$CSeMilBibl$Z2$F38273 $81 996 $6245$aChiarificazione dell'esistenza$9(OLS)http://semarc/title/116183 996 $6260$aMilano :$bMursia$9(OLS)http://semarc/publisher/30230